Global strategic management / (Record no. 2980)

000 -LEADER
fixed length control field 01452cam a22003734a 4500
001 - CONTROL NUMBER
control field 13875624
003 - CONTROL NUMBER IDENTIFIER
control field OSt
005 - DATE AND TIME OF LATEST TRANSACTION
control field 20160826113926.0
008 - FIXED-LENGTH DATA ELEMENTS--GENERAL INFORMATION
fixed length control field 050217s2005 enka 000 0 eng
010 ## - LIBRARY OF CONGRESS CONTROL NUMBER
LC control number 2005004308
020 ## - INTERNATIONAL STANDARD BOOK NUMBER
International Standard Book Number 9780199266159
020 ## - INTERNATIONAL STANDARD BOOK NUMBER
International Standard Book Number 9780199266159
040 ## - CATALOGING SOURCE
Original cataloging agency DLC
Transcribing agency DLC
Modifying agency DLC
042 ## - AUTHENTICATION CODE
Authentication code pcc
050 00 - LIBRARY OF CONGRESS CALL NUMBER
Classification number HD62.4.M45 2005
082 00 - DEWEY DECIMAL CLASSIFICATION NUMBER
Classification number 658.4/012
Edition number 22
100 1# - MAIN ENTRY--PERSONAL NAME
Personal name Mellahi, Kamel.
245 10 - TITLE STATEMENT
Title Global strategic management /
Statement of responsibility, etc Kamel Mellahi, Jedrzej George Frynas, Paul Finlay.
260 ## - PUBLICATION, DISTRIBUTION, ETC. (IMPRINT)
Place of publication, distribution, etc Oxford ;
-- New York :
Name of publisher, distributor, etc Oxford University Press,
Date of publication, distribution, etc c2005.
300 ## - PHYSICAL DESCRIPTION
Extent xix, 395 p. :
Other physical details ill. ;
Dimensions 25 cm.
504 ## - BIBLIOGRAPHY, ETC. NOTE
Bibliography, etc include indexes
650 #0 - SUBJECT ADDED ENTRY--TOPICAL TERM
Topical term or geographic name as entry element International business enterprises
General subdivision Management.
650 #0 - SUBJECT ADDED ENTRY--TOPICAL TERM
Topical term or geographic name as entry element International business enterprises
Form subdivision Case studies.
650 #0 - SUBJECT ADDED ENTRY--TOPICAL TERM
Topical term or geographic name as entry element Strategic planning.
650 #0 - SUBJECT ADDED ENTRY--TOPICAL TERM
Topical term or geographic name as entry element International economic relations.
700 1# - ADDED ENTRY--PERSONAL NAME
Personal name Frynas, Jedrzej George.
700 1# - ADDED ENTRY--PERSONAL NAME
Personal name Finlay, Paul N.
856 41 - ELECTRONIC LOCATION AND ACCESS
Materials specified Table of contents only
Uniform Resource Identifier <a href="http://www.loc.gov/catdir/toc/ecip058/2005004308.html">http://www.loc.gov/catdir/toc/ecip058/2005004308.html</a>
856 42 - ELECTRONIC LOCATION AND ACCESS
Materials specified Publisher description
Uniform Resource Identifier <a href="http://www.loc.gov/catdir/enhancements/fy0637/2005004308-d.html">http://www.loc.gov/catdir/enhancements/fy0637/2005004308-d.html</a>
856 42 - ELECTRONIC LOCATION AND ACCESS
Materials specified Contributor biographical information
Uniform Resource Identifier <a href="http://www.loc.gov/catdir/enhancements/fy0724/2005004308-b.html">http://www.loc.gov/catdir/enhancements/fy0724/2005004308-b.html</a>
906 ## - LOCAL DATA ELEMENT F, LDF (RLIN)
a 7
b cbc
c orignew
d 1
e ecip
f 20
g y-gencatlg
942 ## - ADDED ENTRY ELEMENTS (KOHA)
Source of classification or shelving scheme
Koha item type Book
Holdings
Withdrawn status Lost status Source of classification or shelving scheme Damaged status Not for loan Home library Current library Shelving location Date acquired Total Checkouts Full call number Barcode Date last seen Date checked out Copy number Price effective from Koha item type
          Riara University Library Riara University Library General stack 26/08/2016 4 HD62.4.M45 2005 8126/16 16/05/2023 12/05/2023 C.1 26/08/2016 Book

Riara University Library,
P.O. Box 49940-00100,
Nairobi, Kenya.